| 000 | 00549nam a2200181Ia 4500 | ||
|---|---|---|---|
| 008 | 131103s9999 xx 000 0 und d | ||
| 040 | _aLoreto College | ||
| 041 | _aEnglish | ||
| 082 |
_a891.7/GOR _bLCLIB/13636,12197,39570 |
||
| 100 | _aGorky,Maxim | ||
| 245 |
_aMother _b a novel in two parts _cMaxim Gorky ; translated from the Russian by Margaret Wetlin |
||
| 260 |
_aNew York _bCollier Books _c1962 |
||
| 300 |
_a352p _c 18cm |
||
| 650 | _aRussian Fiction | ||
| 700 | _aWeltin Margaret , trnsl | ||
| 850 | _aLCLIB/891.7/GOR | ||
| 942 | _cBK | ||
| 999 |
_c24361 _d74840 |
||